Statistics for Finish the lyrics

Click here to take the quiz!

General Stats

  • This quiz has been taken 27 times
  • The average score is 3 of 9

Answer Stats

LyricsAnswer% Correct
Rightnow
96%
Righthere
88%
i put the outoffer
28%
you withrun
24%
i you itknow see
20%
i chase you downwanna
16%
me, and i cut freecan you
12%
and walls keepyou in
12%
out of thedrudgery
8%

Score Distribution

Percentile by Number Answered

Percent of People with Each Score

Your Score History

You have not taken this quiz